Introduction to Marketing: Theory and Practice (Record no. 5476)

MARC details
000 -LEADER
fixed length control field 00347nam a2200145Ia 4500
008 - FIXED-LENGTH DATA ELEMENTS--GENERAL INFORMATION
fixed length control field 191201s2011 xx 000 0 und d
082 ## - DEWEY DECIMAL CLASSIFICATION NUMBER
Classification number 659
Item number PAI
100 ## - MAIN ENTRY--PERSONAL NAME
Personal name PALMER,Adrian
245 #0 - TITLE STATEMENT
Title Introduction to Marketing: Theory and Practice
250 ## - EDITION STATEMENT
Edition statement Rep
260 ## - PUBLICATION, DISTRIBUTION, ETC. (IMPRINT)
Place of publication, distribution, etc N. Delhi
Name of publisher, distributor, etc Oxford
Date of publication, distribution, etc 2011
300 ## - PHYSICAL DESCRIPTION
Extent 551
650 ## - SUBJECT ADDED ENTRY--TOPICAL TERM
Topical term or geographic name as entry element MBA
942 ## - ADDED ENTRY ELEMENTS (KOHA)
Source of classification or shelving scheme Dewey Decimal Classification
Koha item type Text Books
Holdings
Withdrawn status Lost status Source of classification or shelving scheme Damaged status Not for loan Collection code Home library Current library Date acquired Source of acquisition Cost, normal purchase price Bill Number Total Checkouts Full call number Acc. no. / Barcode Date last seen Date last borrowed Bill Date Koha item type
    Dewey Decimal Classification     MBA PIET C-LIBRARY PIET C-LIBRARY 25/08/2012 IBH, New Delhi 465.00 9099 1 658.8 PAI 20785 13/06/2022 02/06/2022 24/08/2012 Text Books
    Dewey Decimal Classification     MBA PIET C-LIBRARY PIET C-LIBRARY 25/08/2012 IBH, New Delhi 465.00 9099   658.8 PAI 20786 04/12/2019   24/08/2012 Text Books
    Dewey Decimal Classification     MBA PIET C-LIBRARY PIET C-LIBRARY 25/08/2012 IBH, New Delhi 465.00 9099   658.8 PAI 20787 04/12/2019   24/08/2012 Text Books
    Dewey Decimal Classification     MBA PIET C-LIBRARY PIET C-LIBRARY 25/08/2012 IBH, New Delhi 465.00 9099   658.8 PAI 20788 04/12/2019   24/08/2012 Text Books
    Dewey Decimal Classification     MBA PIET C-LIBRARY PIET C-LIBRARY 25/08/2012 IBH, New Delhi 465.00 9099   658.8 PAI 20789 04/12/2019   24/08/2012 Text Books
    Dewey Decimal Classification     MBA PIET C-LIBRARY PIET C-LIBRARY 25/08/2012 IBH, New Delhi 465.00 9099   658.8 PAI 20790 04/12/2019   24/08/2012 Text Books
    Dewey Decimal Classification     MBA PIET C-LIBRARY PIET C-LIBRARY 25/08/2012 IBH, New Delhi 465.00 9099   658.8 PAI 20791 04/12/2019   24/08/2012 Text Books

Design & Developed by: PIET Central Library
R70 Miles Stone Pattikalyana Samalkha Panipat 132102
mail ID :- [email protected], Phone No:- 0180-2569700 Ex.216